[Event "Marseille op 2nd "]
[Site "Marseille"]
[Date "2009.12.28"]
[Round "6"]
[White "Bekhouche, Erick"]
[Black "Flores, Antonio"]
[Result "0-1"]
[WhiteElo "1744"]
[BlackElo "1500"]
[PlyCount "144"]
[EventDate "2009.12.26"]
[EventType "swiss"]
[EventRounds "9"]
[EventCountry "FRA"]
[SourceTitle "CBM 134 Extra"]
[Source "ChessBase"]
[SourceDate "2010.03.03"]
[SourceVersion "1"]
[SourceVersionDate "2010.03.03"]
[SourceQuality "1"]

1. d4 Nc6 2. Nf3 e6 3. a3 d5 4. c4 Nce7 5. Nc3 h6 6. Bf4 Nf6 7. e3 Ng6 8. Bg3 Be7 9. cxd5 exd5 10. Bd3 c6 11. Qc2 Bg4 12. Nd2 Bh5 13. Nf3 0-0 14. Ne5 Bd6 15. Nxg6 fxg6 16. Bxg6 Bxg3 17. hxg3 Bg4 18. f3 Qd6 19. 0-0-0 Be6 20. g4 c5 21. g5 cxd4 22. exd4 Qf4+ 23. Qd2 Qxg5 24. Qxg5 hxg5 25. Rde1 Bf7 26. Bxf7+ Rxf7 27. Re5 Nh7 28. Rxd5 Rc8 29. Kd2 g4 30. Ke3 gxf3 31. gxf3 Rcf8 32. Rf1 a6 33. Ne4 Re7 34. Re5 Rfe8 35. Rxe7 Rxe7 36. d5 Nf6 37. Kd4 Nd7 38. d6 Re5 39. Rc1 Kf7 40. Rc7 Ke6 41. Rxd7 Rd5+ 42. Kc4 b5+ 43. Kb4 Kxd7 44. Ka5 Kc6 45. Kxa6 Rd4 46. b3 Rd3 47. Ka5 Rxb3 48. a4 bxa4 49. d7 Rd3 50. Kxa4 Rd4+ 51. Kb3 Rxd7 52. Kc4 Rf7 53. Nd2 Kd6 54. Kd4 Ke6 55. Ke4 g5 56. Ke3 Kf5 57. Nc4 Re7+ 58. Kf2 Kf4 59. Nd2 Rc7 60. Nb3 Rc2+ 61. Ke1 Ke3 62. Kf1 Rf2+ 63. Kg1 Kxf3 64. Nc5 Rd2 65. Ne6 g4 66. Ng5+ Ke3 67. Kf1 Ra2 68. Kg1 g3 69. Kf1 Kf4 70. Ne6+ Kg4 71. Nd4 Kh3 72. Nf3 Rf2+ 0-1

[Event "Marseille op 2nd "]
[Site "Marseille"]
[Date "2009.12.27"]
[Round "4"]
[White "Flores, Antonio"]
[Black "Noireaut, Hung"]
[Result "0-1"]
[WhiteElo "1500"]
[BlackElo "1743"]
[PlyCount "52"]
[EventDate "2009.12.26"]
[EventType "swiss"]
[EventRounds "9"]
[EventCountry "FRA"]
[SourceTitle "CBM 134 Extra"]
[Source "ChessBase"]
[SourceDate "2010.03.03"]
[SourceVersion "1"]
[SourceVersionDate "2010.03.03"]
[SourceQuality "1"]

1. d4 d5 2. c4 e6 3. a3 c6 4. e3 Bd6 5. Nc3 Nf6 6. Bd3 0-0 7. Nf3 Nbd7 8. h4 Re8 9. c5 Bc7 10. e4 e5 11. Kf1 exd4 12. Nxd4 dxe4 13. Bc2 Nxc5 14. Bg5 Bg4 15. Qd2 h6 16. b4 hxg5 17. hxg5 Nh5 18. bxc5 Bf4 19. Qe1 Qxd4 20. Rd1 Bxd1 21. Bxd1 Bd2 22. Qe2 g6 23. Rxh5 gxh5 24. Qxh5 Qh8 25. Qg4 Qh1+ 26. Ke2 Qe1# 0-1